<?xml version="1.0" encoding="UTF-8"?>
<record
    xmlns:xsi="http://www.w3.org/2001/XMLSchema-instance"
    xsi:schemaLocation="http://www.loc.gov/MARC21/slim http://www.loc.gov/standards/marcxml/schema/MARC21slim.xsd"
    xmlns="http://www.loc.gov/MARC21/slim">

  <leader>01803nam a2200241Ia 4500</leader>
  <controlfield tag="001">b5665-38331 </controlfield>
  <controlfield tag="003">IT-MiCISF</controlfield>
  <controlfield tag="005">20251204133946.0</controlfield>
  <controlfield tag="008">161014s9999||||xx |||||||||||||| ||und||</controlfield>
  <datafield tag="040" ind1=" " ind2=" ">
    <subfield code="a">IT-MiCISF</subfield>
    <subfield code="c">IT-MiCISF</subfield>
  </datafield>
  <datafield tag="041" ind1=" " ind2=" ">
    <subfield code="a">it</subfield>
  </datafield>
  <datafield tag="100" ind1=" " ind2=" ">
    <subfield code="a">Donati Pierpaolo (a cura di)</subfield>
    <subfield code="9">59326</subfield>
  </datafield>
  <datafield tag="245" ind1=" " ind2="0">
    <subfield code="a">Famiglia e capitale sociale nella societ&#xE0; italiana.</subfield>
    <subfield code="b">Ottavo Rapporto Cisf sulla famiglia in Italia</subfield>
  </datafield>
  <datafield tag="260" ind1=" " ind2=" ">
    <subfield code="a">Cinisello B. (MI),</subfield>
    <subfield code="b">San Paolo,</subfield>
    <subfield code="c">2003</subfield>
  </datafield>
  <datafield tag="300" ind1=" " ind2=" ">
    <subfield code="a">pp. 441</subfield>
  </datafield>
  <datafield tag="500" ind1=" " ind2=" ">
    <subfield code="a"> / famiglia, capitale-sociale, scuola, associazionismo, sanit&#xE0;, religione / </subfield>
  </datafield>
  <datafield tag="520" ind1=" " ind2=" ">
    <subfield code="a">Le societ&#xE0; contemporanee riscoprono il valore del capitale sociale, inteso come patrimonio e risorsa culturale che sostiene le relazioni fiduciarie, di cooperazione e di reciprocit&#xE0; fra le persone. Nel dibattito internazionale esiste per&#xF2; una profonda ambivalenza nei confronti della famiglia, la quale raramente e con fatica compare come soggetto generatore di capitale sociale. I contributi qui presentati partono da una distinzione, ampiamente argomentata in sede teorica ed empirica, del tutto nuova nel panorama degli studi, fra il capitale sociale primario costituito dalla famiglia, e il capitale sociale secondario costituito dalle relazioni e reti associative nella sfera civica. Se ne esplorano poi le varie dimensioni, dimostrando che il capitale sociale familiare risulta cruciale e infungibile per il benessere delle persone e delle comunit&#xE0;. Viene inoltre presentata la prima indagine empirica originale su famiglia e capitale sociale.</subfield>
  </datafield>
  <datafield tag="650" ind1=" " ind2=" ">
    <subfield code="a"> Famiglia</subfield>
    <subfield code="e">006</subfield>
  </datafield>
  <datafield tag="654" ind1=" " ind2=" ">
    <subfield code="a">rapporto</subfield>
  </datafield>
  <datafield tag="700" ind1=" " ind2=" ">
    <subfield code="a">Beretta S., Collicelli C., Curini L., Donati P., Marta E., Prandini R., Ribolzi L., Rossi G.,</subfield>
    <subfield code="a">Scabini E., Sequeri P., Tronca L. </subfield>
    <subfield code="9">62855</subfield>
  </datafield>
  <datafield tag="942" ind1=" " ind2=" ">
    <subfield code="c">BK</subfield>
    <subfield code="2">ddc</subfield>
  </datafield>
  <datafield tag="999" ind1=" " ind2=" ">
    <subfield code="c">211460</subfield>
    <subfield code="d">211460</subfield>
  </datafield>
  <datafield tag="999" ind1=" " ind2=" ">
    <subfield code="b">si</subfield>
  </datafield>
  <datafield tag="952" ind1=" " ind2=" ">
    <subfield code="0">0</subfield>
    <subfield code="1">0</subfield>
    <subfield code="4">0</subfield>
    <subfield code="6">B_566538331</subfield>
    <subfield code="7">1</subfield>
    <subfield code="a">CISF</subfield>
    <subfield code="b">CISF</subfield>
    <subfield code="d">2016-10-14</subfield>
    <subfield code="l">0</subfield>
    <subfield code="o">b5665-38331 </subfield>
    <subfield code="r">2016-10-14 00:00:00</subfield>
    <subfield code="w">2016-10-14</subfield>
    <subfield code="y">BK</subfield>
    <subfield code="z">Data import 15.10.2016 / by Epidotti, Vaglietti</subfield>
  </datafield>
</record>
